Co je marketing

Gespeichert in:
Bibliographische Detailangaben
1. Verfasser: Prachár, Juraj
Format: Buch
Sprache:Slowakisch
Veröffentlicht: Bratislava Slovenské pedagogické nakladateľstvo 1991
Schlagworte:
Tags: Tag hinzufügen
Keine Tags, Fügen Sie das erste Tag hinzu!

MARC

LEADER 00000nam a2200000 4500
001 c000381
005 20260108070456.1
020 |a 80-08-01321-4 
041 0 |a slo 
044 |a SK 
245 1 0 |a Co je marketing  |c Juraj Prachár 
264 1 |a Bratislava  |b Slovenské pedagogické nakladateľstvo  |c 1991 
300 |a 143 s. 
610 2 0 |a marketing 
610 2 0 |a pojmy 
610 2 0 |a trh 
610 2 0 |a tovar 
610 2 0 |a služby 
610 2 0 |a výskum trhu 
610 2 0 |a reklama 
610 2 0 |a práca s verejnosťou 
100 1 |a Prachár, Juraj